Trees and timbers of the Malay Peninsula

Bibliographic Details
Main Author: BURN-MURDOCH
Format: Book
Published: Kuala Lumpur : Printed at Govt. Press , 1911-1912
Subjects:

MARC

LEADER 00000cam a2200000 7i4500
001 0000001392
005 20020306.0
090 0 0 |a 582.16095951   |b BUR 1912 
100 1 0 |a BURN-MURDOCH   |h A M 
245 1 0 |a Trees and timbers of the Malay Peninsula   |c by A.M. Burn-Murdoch 
260 0 0 |a Kuala Lumpur :   |b Printed at Govt. Press ,   |c 1911-1912 
300 |a v., plates :   |b ill. ;   |c 24 cm. 
650 0 0 |a Trees   |z Malaysia   |x Identification 
998 |a JPSM 
999 |a 0000002423   |b Monograph   |c Reference   |e Default branch 
999 |a 0000002424   |b Monograph   |c Open Shelf   |e Default branch 
999 |a 0000002425   |b Monograph   |c Open Shelf   |e Default branch